000 00562nam a22002057a 4500
999 _c2718
_d2718
003 OSt
005 20191209122548.0
008 151126b xxu||||| |||| 00| 0 eng d
020 _a0304702579
040 _cDDC.
082 _a373 PRO 1999.
100 _aEdited by Dave, Hill; Mike,Cole;
_96351
245 _aPromoting Equality in Secondary Schools.
260 _aLondon;
_bCassell,
_c1999.
300 _axvi,352p;
_bill;
_c23cm
440 _aIntroduction to Education;
_913143
504 _aincludes index.
650 _aEducation.
_91404
942 _2ddc
_cSLOAN